000 00617cam a2200217 a 4500
001 000008112
005 20200929154435.0
008 920921s1992 ck 000 1 spa
020 _a9589232140
040 _aDO-SdBNP
_cDLC
082 _aCo863.44
_bH868c
100 1 _aHoyos, Andres.
_922024
245 1 0 _aConviene a los felices permanecer en casa /
_cAndres Hoyos.
260 _aBogotá :
_bAltamir,
_c1992.
300 _a301 p. ;
_c21 cm.
490 1 _aNovela
650 4 _aNovela colombiana
_91243
650 4 _aLiteratura colombiana
_91244
830 0 _aNovela
_922025
910 _aCatalogación por copia / LC
999 _c7889
_d7889